[Event "Itauna op"]
[Site "Itauna"]
[Date "2009.08.23"]
[Round "6"]
[White "Godinho, Walter de Sousa"]
[Black "Santos Neto, Francisco Jose"]
[Result "1/2-1/2"]
[WhiteElo "1878"]
[BlackElo "2211"]
[PlyCount "24"]
[EventDate "2009.08.21"]
[EventType "swiss"]
[EventRounds "6"]
[EventCountry "BRA"]
[SourceTitle "CBM 132 Extra"]
[Source "ChessBase"]
[SourceDate "2009.11.03"]
[SourceVersion "1"]
[SourceVersionDate "2009.11.03"]
[SourceQuality "1"]

1. d4 Nf6 2. c4 c5 3. d5 d6 4. Nc3 Nbd7 5. e4 g6 6. f3 Bg7 7. Bd3 0-0 8. Nge2 a6 9. Be3 b6 10. 0-0 Bb7 11. a4 Qc7 12. Qd2 Rab8 1/2-1/2

[Event "American Continental 06th"]
[Site "Sao Paulo"]
[Date "2009.07.26"]
[Round "2"]
[White "Di Berardino, Diego Rafael"]
[Black "Santos Neto, Francisco Jose"]
[Result "1/2-1/2"]
[WhiteElo "2453"]
[BlackElo "2211"]
[PlyCount "114"]
[EventDate "2009.07.25"]
[EventType "swiss"]
[EventRounds "11"]
[EventCountry "BRA"]
[SourceTitle "CBM 132 Extra"]
[Source "ChessBase"]
[SourceDate "2009.11.03"]
[SourceVersion "1"]
[SourceVersionDate "2009.11.03"]
[SourceQuality "1"]

1. Nf3 Nf6 2. c4 b6 3. g3 Bb7 4. Bg2 e6 5. 0-0 Be7 6. Nc3 c5 7. Re1 d6 8. e4 Nbd7 9. d4 cxd4 10. Nxd4 0-0 11. e5 dxe5 12. Bxb7 exd4 13. Bxa8 dxc3 14. Bg2 Bb4 15. Rf1 Nc5 16. Qc2 Qd3 17. Qxd3 Nxd3 18. a3 Nxc1 19. axb4 Ne2+ 20. Kh1 c2 21. Bf3 c1Q 22. Rfxc1 Nxc1 23. Rxc1 Rc8 24. b3 Kf8 25. Ra1 Rc7 26. Kg1 g5 27. Kf1 Ke7 28. Ke2 Rd7 29. Ke3 Rc7 30. h3 Nd7 31. Bg2 f5 32. b5 e5 33. Bc6 Nc5 34. b4 Nb3 35. Ra2 Nd4 36. Bd5 Kd6 37. Rd2 f4+ 38. Ke4 h5 39. Rd1 f3 40. Kd3 Rc8 41. Bf7 h4 42. gxh4 gxh4 43. Ke3 Rf8 44. Bh5 Rf4 45. Bg4 Ke7 46. Kd3 Kd6 47. Rc1 Ne2 48. c5+ Kc7 49. Ra1 Rxb4 50. Rxa7+ Kb8 51. cxb6 e4+ 52. Ke3 Rxb5 53. Kxe4 Rxb6 54. Rh7 Ng1 55. Rxh4 Rb4+ 56. Ke3 Rb2 57. Rh7 Re2+ 1/2-1/2

[Event "Sete Lagoas op"]
[Site "Sete Lagoas"]
[Date "2009.07.19"]
[Round "5"]
[White "Dos Santos, Braulio"]
[Black "Santos Neto, Francisco Jose"]
[Result "0-1"]
[WhiteElo "2035"]
[BlackElo "2211"]
[PlyCount "142"]
[EventDate "2009.07.17"]
[EventType "swiss"]
[EventRounds "6"]
[EventCountry "BRA"]
[SourceTitle "EXT 2012"]
[Source "ChessBase"]
[SourceDate "2011.11.24"]
[SourceVersion "1"]
[SourceVersionDate "2011.11.24"]
[SourceQuality "1"]

1. e4 c5 2. Nf3 e6 3. d3 d5 4. Nbd2 Nc6 5. g3 g6 6. Bg2 Bg7 7. 0-0 Nge7 8. Re1 0-0 9. Qe2 Bd7 10. Nf1 Nd4 11. Nxd4 cxd4 12. e5 Nc6 13. f4 Qc7 14. Bd2 b5 15. h4 a5 16. h5 Nb4 17. Rec1 Nxc2 18. Bxa5 Qxa5 19. Rxc2 Rfc8 20. hxg6 hxg6 21. Rac1 Rxc2 22. Rxc2 b4 23. Nh2 Bb5 24. Nf3 Qb6 25. b3 Ba6 26. Qf2 Rc8 27. Rxc8+ Bxc8 28. Qxd4 Qa5 29. Qb2 Bf8 30. d4 Bd7 31. Qc2 Be7 32. g4 Kg7 33. g5 Qd8 34. Ne1 Qh8 35. Qc7 Qe8 36. Kf2 Bd8 37. Qc5 Be7 38. Qc7 Bd8 39. Qb7 Be7 40. Bh3 Bc6 41. Qa6 Qd7 42. Nf3 Qc7 43. Qd3 Bd7 44. Ne1 Qa7 45. Qd2 Qa8 46. Ng2 Qh8 47. Kg3 Qd8 48. Ne3 Bxg5 49. fxg5 Qxg5+ 50. Bg4 Kg8 51. Nf1 Qe7 52. Nh2 Bb5 53. Qc1 Qb7 54. Bf3 Qa7 55. Qc5 Qxc5 56. dxc5 Kf8 57. Kf4 Bd3 58. Ke3 Bb1 59. Bd1 Ke7 60. Nf3 f6 61. exf6+ Kxf6 62. Kd4 Ke7 63. Ne5 g5 64. Ke3 Kd8 65. Nd3 Bxd3 66. Kxd3 e5 67. Bg4 Kc7 68. a3 bxa3 69. Kc2 d4 70. b4 e4 71. Be6 g4 0-1

[Event "BRA-ch sf"]
[Site "Dois Irmaos"]
[Date "2008.10.30"]
[Round "2"]
[White "Lucena, Lincoln"]
[Black "Santos Neto, Francisco Jose"]
[Result "1-0"]
[WhiteElo "2239"]
[BlackElo "2216"]
[PlyCount "42"]
[EventDate "2008.10.30"]
[EventType "swiss"]
[EventRounds "7"]
[EventCountry "BRA"]
[SourceTitle "EXT 2009"]
[Source "ChessBase"]
[SourceDate "2008.11.26"]
[SourceVersion "1"]
[SourceVersionDate "2008.11.26"]
[SourceQuality "1"]

1. Nf3 c5 2. g3 b6 3. Bg2 Bb7 4. 0-0 g6 5. c4 Bg7 6. Nc3 Nf6 7. d3 0-0 8. Rb1 Nc6 9. e3 d5 10. Qe2 d4 11. exd4 Nxd4 12. Nxd4 Bxg2 13. Kxg2 Qxd4 14. Bf4 Nh5 15. Be3 Qd7 16. Rfd1 e5 17. g4 f5 18. gxh5 f4 19. Kh1 fxe3 20. fxe3 gxh5 21. Rg1 Qf5 1-0

[Event "BRA-ch sf"]
[Site "Dois Irmaos"]
[Date "2008.10.30"]
[Round "1"]
[White "Santos Neto, Francisco Jose"]
[Black "Molina, Roberto Junio Brito"]
[Result "1/2-1/2"]
[WhiteElo "2216"]
[BlackElo "2395"]
[PlyCount "84"]
[EventDate "2008.10.30"]
[EventType "swiss"]
[EventRounds "7"]
[EventCountry "BRA"]
[SourceTitle "EXT 2009"]
[Source "ChessBase"]
[SourceDate "2008.11.26"]
[SourceVersion "1"]
[SourceVersionDate "2008.11.26"]
[SourceQuality "1"]

1. e4 c6 2. c4 d5 3. exd5 cxd5 4. cxd5 Qxd5 5. Nc3 Qd6 6. Bc4 Nf6 7. Qb3 e6 8. Nf3 Nc6 9. d4 Be7 10. 0-0 0-0 11. Qd1 a6 12. a3 b5 13. Bd3 Rd8 14. Ne4 Nxe4 15. Bxe4 Bb7 16. Be3 Rac8 17. Rc1 Na5 18. Bxb7 Nxb7 19. Qd2 Qd5 20. Rxc8 Rxc8 21. Rc1 Rd8 22. Qc2 Nd6 23. Qc7 Bf6 24. Qc6 Nc4 25. Qxd5 Rxd5 26. b3 Nxa3 27. Bd2 Be7 28. Rc7 Kf8 29. Rxe7 Kxe7 30. Bb4+ Kd7 31. Bxa3 f6 32. Kf1 a5 33. Ke2 Kc6 34. Kd3 b4 35. Bb2 Kb5 36. Nd2 Rd8 37. Ne4 e5 38. Nc5 Rd6 39. Na4 exd4 40. Bxd4 Re6 41. Be3 Rd6+ 42. Bd4 Re6 1/2-1/2

[Event "Sao Sebastiao do Paraiso op"]
[Site "Sao Sebastiao do Paraiso"]
[Date "2008.03.09"]
[Round "6.3"]
[White "Gonzalez, Bolivar Ribeiro"]
[Black "Santos Neto, Francisco Jose"]
[Result "0-1"]
[WhiteElo "2252"]
[BlackElo "2194"]
[PlyCount "90"]
[EventDate "2008.03.07"]
[EventType "swiss"]
[EventRounds "6"]
[EventCountry "BRA"]
[SourceTitle "EXT 2022"]
[Source "ChessBase"]
[SourceDate "2021.10.06"]
[SourceVersion "1"]
[SourceVersionDate "2021.10.06"]
[SourceQuality "1"]

1. e4 e6 2. d4 d5 3. Nc3 Bb4 4. e5 c5 5. a3 Bxc3+ 6. bxc3 Ne7 7. Qg4 Qc7 8. Qxg7 Rg8 9. Qxh7 cxd4 10. Ne2 dxc3 11. f4 Nbc6 12. h3 Bd7 13. g4 0-0-0 14. Qd3 d4 15. Rb1 Nd5 16. Bg2 Nb6 17. 0-0 Be8 18. Ng3 Na5 19. Ne4 Nbc4 20. Nf6 Rh8 21. Rb4 Bc6 22. Rxc4 Nxc4 23. Qxc4 Bxg2 24. Qxc7+ Kxc7 25. Kxg2 d3 26. cxd3 Rxd3 27. Rh1 c2 28. Ne4 Rd1 29. Ng3 b5 30. Rf1 a5 31. Rf3 Rxc1 32. Rc3+ Kb6 33. Ne2 Ra1 34. Rxc2 Rxa3 35. Nd4 Rhxh3 36. Rc6+ Kb7 37. Rd6 Rhc3 38. Ne2 Ra2 39. Kf2 Rcc2 40. Rd7+ Kc6 41. Rxf7 Rxe2+ 42. Kg3 b4 43. Rf8 b3 44. Rb8 b2 45. Kh4 Ra4 0-1

[Event "Sao Sebastiao do Paraiso op"]
[Site "Sao Sebastiao do Paraiso"]
[Date "2008.03.08"]
[Round "4.4"]
[White "Domingues, Jair Vicente"]
[Black "Santos Neto, Francisco Jose"]
[Result "0-1"]
[WhiteElo "2117"]
[BlackElo "2194"]
[PlyCount "54"]
[EventDate "2008.03.07"]
[EventType "swiss"]
[EventRounds "6"]
[EventCountry "BRA"]
[SourceTitle "EXT 2022"]
[Source "ChessBase"]
[SourceDate "2021.10.06"]
[SourceVersion "1"]
[SourceVersionDate "2021.10.06"]
[SourceQuality "1"]

1. e4 e5 2. Nf3 Nf6 3. d4 Nxe4 4. Bd3 d5 5. Nxe5 Nf6 6. 0-0 Be7 7. Nd2 0-0 8. Ndf3 Nc6 9. Nxc6 bxc6 10. Ne5 Bb7 11. Bg5 Ne4 12. Bxe7 Qxe7 13. Re1 c5 14. c3 cxd4 15. cxd4 c5 16. Qa4 cxd4 17. Qxd4 Rfe8 18. Nf3 f5 19. Rac1 Qd6 20. Qa4 Re6 21. h3 Rg6 22. Qa5 Qf4 23. Be2 Nxf2 24. Kxf2 Qg3+ 25. Ke3 Re6+ 26. Kd2 Rae8 27. Qb5 Qxg2 0-1

[Event "Mineiro-ch"]
[Site "Sao Sebastiao do Paraiso"]
[Date "2008.01.08"]
[Round "10"]
[White "Santos Neto, Francisco Jose"]
[Black "Molina, Roberto Junio Brito"]
[Result "0-1"]
[WhiteElo "2194"]
[BlackElo "2348"]
[PlyCount "160"]
[EventDate "2008.01.04"]
[EventType "tourn"]
[EventRounds "11"]
[EventCountry "BRA"]
[SourceTitle "CBM 122 Extra"]
[Source "ChessBase"]
[SourceDate "2008.03.04"]
[SourceVersion "1"]
[SourceVersionDate "2008.03.04"]
[SourceQuality "1"]

1. Nf3 f5 2. e4 fxe4 3. Ng5 d5 4. d3 Qd6 5. dxe4 h6 6. Nh3 dxe4 7. Qxd6 exd6 8. Nc3 Nf6 9. Be3 c6 10. f3 exf3 11. gxf3 Bf5 12. 0-0-0 Nbd7 13. Bf4 d5 14. Re1+ Kf7 15. Nf2 Be7 16. Bd3 Bxd3 17. Nxd3 Rhe8 18. b4 a6 19. a4 Nh5 20. Bd2 Bf6 21. f4 Rxe1+ 22. Rxe1 Re8 23. Kd1 Rxe1+ 24. Kxe1 Ke6 25. Ke2 Kf5 26. Kf3 g5 27. fxg5 hxg5 28. h3 Ne5+ 29. Nxe5 Bxe5 30. Ne2 Nf6 31. c3 Ne4 32. Be1 Bf6 33. Ke3 Bg7 34. Kd3 Nd6 35. Ng3+ Ke6 36. Ne2 Nc4 37. a5 Be5 38. Bf2 Kf5 39. Ba7 Bd6 40. Nd4+ Kf6 41. Ne2 Ne5+ 42. Ke3 Ng6 43. Kf3 Nf4 44. Bd4+ Kf5 45. Ng3+ Kg6 46. Kg4 Ne6 47. Nf5 Bf8 48. Be5 c5 49. bxc5 Bxc5 50. h4 gxh4 51. Nxh4+ Kf7 52. Kf5 Nd8 53. Bf6 Nc6 54. Nf3 Be7 55. Ng5+ Ke8 56. Ne6 Bd6 57. Ng5 Kd7 58. Nf3 Nxa5 59. Nd2 Nc4 60. Nxc4 dxc4 61. Ke4 Kc6 62. Ke3 Kd5 63. Kd2 Ke4 64. Bd8 Bc5 65. Kc2 b6 66. Bc7 Kd5 67. Bd8 Kc6 68. Bf6 Kb5 69. Kb2 Ka4 70. Be5 b5 71. Ka2 a5 72. Kb2 b4 73. cxb4 axb4 74. Bg7 Kb5 75. Bf6 Kc6 76. Kc2 Kd5 77. Bg7 Bd4 78. Bf8 b3+ 79. Kb1 c3 80. Ba3 Kc4 0-1

[Event "Mineiro-ch"]
[Site "Sao Sebastiao do Paraiso"]
[Date "2008.01.07"]
[Round "7"]
[White "Santos Neto, Francisco Jose"]
[Black "Viana, Julio Lapertosa"]
[Result "1/2-1/2"]
[WhiteElo "2194"]
[BlackElo "2104"]
[PlyCount "70"]
[EventDate "2008.01.04"]
[EventType "tourn"]
[EventRounds "11"]
[EventCountry "BRA"]
[SourceTitle "CBM 122 Extra"]
[Source "ChessBase"]
[SourceDate "2008.03.04"]
[SourceVersion "1"]
[SourceVersionDate "2008.03.04"]
[SourceQuality "1"]

1. Nf3 Nf6 2. d4 g6 3. Bf4 Bg7 4. h3 0-0 5. e3 d6 6. c3 Nc6 7. Be2 Nd7 8. Na3 h6 9. 0-0 e5 10. Bg3 Qe7 11. Nb5 Nb6 12. a4 e4 13. Nd2 a6 14. a5 Nd5 15. c4 Nxe3 16. fxe3 axb5 17. cxb5 Nd8 18. a6 bxa6 19. bxa6 Ne6 20. Kh2 f5 21. Bc4 Kh8 22. Qe2 Bd7 23. Bxe6 Bxe6 24. a7 c5 25. Qa6 Rfd8 26. Qb6 cxd4 27. exd4 Kh7 28. Ra6 Bf8 29. Rc1 Rd7 30. Rca1 Bd5 31. Qb5 Qf7 32. R1a5 f4 33. Qxd5 fxg3+ 34. Kxg3 Qxd5 35. Rxd5 e3 1/2-1/2

[Event "Mineiro-ch"]
[Site "Sao Sebastiao do Paraiso"]
[Date "2008.01.05"]
[Round "3"]
[White "Santos Neto, Francisco Jose"]
[Black "Barbosa, Evandro Amorim"]
[Result "1/2-1/2"]
[WhiteElo "2194"]
[BlackElo "2130"]
[PlyCount "87"]
[EventDate "2008.01.04"]
[EventType "tourn"]
[EventRounds "11"]
[EventCountry "BRA"]
[SourceTitle "CBM 122 Extra"]
[Source "ChessBase"]
[SourceDate "2008.03.04"]
[SourceVersion "1"]
[SourceVersionDate "2008.03.04"]
[SourceQuality "1"]

1. Nf3 Nf6 2. d4 d5 3. Bf4 c5 4. e3 Nc6 5. c3 Qb6 6. Qb3 c4 7. Qxb6 axb6 8. Nbd2 b5 9. Ne5 e6 10. Nxc6 bxc6 11. Be2 b4 12. 0-0 bxc3 13. bxc3 Ra3 14. Nb1 Ra4 15. Bd1 Ra5 16. a4 Kd7 17. Nd2 Bd6 18. Bxd6 Kxd6 19. Bc2 c5 20. Rfb1 cxd4 21. exd4 Bd7 22. Rb4 Kc7 23. Nf3 Rha8 24. Ne5 Be8 25. Rab1 R5a7 26. g3 Nd7 27. f4 Nb8 28. Kf2 Nc6 29. Nxc6 Bxc6 30. Ke3 Kc8 31. Ra1 Kc7 32. Kd2 Kd6 33. Kc1 f6 34. Kb2 Re7 35. Re1 e5 36. fxe5+ fxe5 37. Rxe5 Rxe5 38. dxe5+ Kxe5 39. Ka3 Kd6 40. Rb1 Rf8 41. Bxh7 Rh8 42. Bf5 Rxh2 43. Rb8 Rg2 44. g4 1/2-1/2

[Event "BRA-ch sf"]
[Site "Recife"]
[Date "2007.11.04"]
[Round "7"]
[White "Santos Neto, Francisco Jose"]
[Black "Asfora, Marco Antonio Hazin"]
[Result "0-1"]
[WhiteElo "2201"]
[BlackElo "2228"]
[PlyCount "142"]
[EventDate "2007.11.01"]
[EventType "swiss"]
[EventCountry "BRA"]
[SourceTitle "EXT 2022"]
[Source "ChessBase"]
[SourceDate "2021.10.06"]
[SourceVersion "1"]
[SourceVersionDate "2021.10.06"]
[SourceQuality "1"]

1. Nf3 Nf6 2. d4 g6 3. Bf4 Bg7 4. c3 0-0 5. h3 d6 6. e3 c6 7. Be2 Nbd7 8. 0-0 Re8 9. Na3 b5 10. Bh2 a6 11. Nc2 Bb7 12. a4 Qb6 13. a5 Qa7 14. b4 c5 15. dxc5 dxc5 16. Rc1 c4 17. Qd4 Qxd4 18. exd4 Nd5 19. Ne3 Bh6 20. Nxd5 Bxc1 21. Rxc1 Bxd5 22. Re1 Nf6 23. Nd2 Ne4 24. Nxe4 Bxe4 25. Bxc4 Bb7 26. Bb3 Rac8 27. Rc1 e6 28. Bd6 Bd5 29. Bd1 Rc6 30. Bc5 e5 31. dxe5 Rxe5 32. Bc2 Rg5 33. g3 Re5 34. Bd3 Rce6 35. Be3 Rxe3 36. fxe3 Rxe3 37. Bf1 Rxg3+ 38. Kf2 Rf3+ 39. Ke2 Rf4 40. Ke3 Re4+ 41. Kf2 Rf4+ 42. Ke3 g5 43. Rd1 Re4+ 44. Kf2 Re5 45. Rd4 Kg7 46. c4 bxc4 47. Bxc4 Bxc4 48. Rxc4 Rb5 49. Ke3 f6 50. Kd4 h5 51. Kc3 g4 52. hxg4 h4 53. Rf4 Rb8 54. Rf3 Rh8 55. Kd4 h3 56. Rf1 Rh4 57. Rh1 Rxg4+ 58. Kc5 Rh4 59. Kb6 Rxb4+ 60. Kxa6 Rb3 61. Ka7 Kg6 62. a6 Kg5 63. Ka8 Kh4 64. a7 Ra3 65. Kb8 f5 66. a8Q Rxa8+ 67. Kxa8 f4 68. Kb7 f3 69. Kc6 f2 70. Kd5 Kg3 71. Ke4 Kg2 0-1

[Event "Passos"]
[Site "Passos"]
[Date "2007.01.25"]
[Round "7"]
[White "Ladeira, Joao Bosco Amado"]
[Black "Santos Neto, Francisco Jose"]
[Result "1/2-1/2"]
[WhiteElo "2330"]
[BlackElo "2207"]
[PlyCount "101"]
[EventDate "2007.01.21"]
[EventType "tourn"]
[EventRounds "9"]
[EventCountry "BRA"]
[EventCategory "3"]
[SourceTitle "CBM 116 Extra"]
[Source "ChessBase"]
[SourceDate "2007.03.07"]
[SourceVersion "1"]
[SourceVersionDate "2007.03.07"]
[SourceQuality "1"]

1. d4 f5 2. g3 Nf6 3. Bg2 d5 4. Nf3 e6 5. 0-0 Be7 6. c4 c6 7. b3 0-0 8. Ba3 Bxa3 9. Nxa3 Qe7 10. Nc2 a5 11. Nce1 a4 12. Nd3 axb3 13. axb3 Rxa1 14. Qxa1 Na6 15. Qa5 Nd7 16. Ra1 b6 17. Qa4 Bb7 18. Qa3 Qxa3 19. Rxa3 Ra8 20. Nfe5 Nxe5 21. Nxe5 Nb8 22. Rxa8 Bxa8 23. Nd3 Nd7 24. c5 bxc5 25. Nxc5 Nxc5 26. dxc5 e5 27. e3 Kf7 28. Bf1 g5 29. Ba6 e4 30. Bc8 Kf6 31. Kf1 Ke5 32. Ke2 f4 33. b4 d4 34. Kd2 h6 35. g4 dxe3+ 36. fxe3 f3 37. Ba6 Ke6 38. Kc3 Ke5 39. Kb3 f2 40. Kc3 Bb7 41. Bf1 Bc8 42. h3 Be6 43. Kd2 Bb3 44. b5 cxb5 45. Bxb5 Kd5 46. Ke2 Kxc5 47. Be8 Bd1+ 48. Kxf2 Bf3 49. Bg6 Kb4 50. Bf7 Kc3 51. Bg6 1/2-1/2

[Event "Varginha-ch"]
[Site "Varginha"]
[Date "2007.01.18"]
[Round "10"]
[White "Barbosa, Evandro Amorim"]
[Black "Santos Neto, Francisco Jose"]
[Result "1/2-1/2"]
[WhiteElo "2121"]
[BlackElo "2207"]
[PlyCount "79"]
[EventDate "2007.01.13"]
[EventType "tourn"]
[EventRounds "11"]
[EventCountry "BRA"]
[SourceTitle "EXT 2022"]
[Source "ChessBase"]
[SourceDate "2021.10.06"]
[SourceVersion "1"]
[SourceVersionDate "2021.10.06"]
[SourceQuality "1"]

1. e4 e6 2. d4 d5 3. e5 c5 4. c3 Nc6 5. Nf3 Qb6 6. Bd3 cxd4 7. cxd4 Bd7 8. Nc3 a6 9. 0-0 Nge7 10. Qe2 Nxd4 11. Nxd4 Qxd4 12. Kh1 Ng6 13. f4 Bc5 14. Bd2 0-0 15. a3 Ba7 16. Rf3 Qb6 17. Be3 Qd8 18. Bxa7 Rxa7 19. Raf1 Qb6 20. Rh3 Qd4 21. Qh5 h6 22. Rg3 Be8 23. f5 Qxe5 24. Qg4 exf5 25. Rxf5 Qd6 26. Rxd5 Qe7 27. h3 Bc6 28. Rh5 Qd6 29. Ne4 Bxe4 30. Bxe4 Re8 31. Bxg6 fxg6 32. Qxg6 Re1+ 33. Kh2 Qxg6 34. Rxg6 b5 35. a4 Kh7 36. Rb6 bxa4 37. Ra5 Re2 38. Rbxa6 Rc7 39. Rxa4 Rcc2 40. Rg4 1/2-1/2

[Event "Varginha-ch"]
[Site "Varginha"]
[Date "2007.01.16"]
[Round "6"]
[White "Ribeiro, Sheridan Luiz Telle"]
[Black "Santos Neto, Francisco Jose"]
[Result "1-0"]
[WhiteElo "2077"]
[BlackElo "2207"]
[PlyCount "79"]
[EventDate "2007.01.13"]
[EventType "tourn"]
[EventRounds "11"]
[EventCountry "BRA"]
[SourceTitle "EXT 2022"]
[Source "ChessBase"]
[SourceDate "2021.10.06"]
[SourceVersion "1"]
[SourceVersionDate "2021.10.06"]
[SourceQuality "1"]

1. e4 d5 2. exd5 Nf6 3. c4 g6 4. Nf3 Bg7 5. Be2 0-0 6. 0-0 c6 7. dxc6 Nxc6 8. d4 Bf5 9. d5 Nb4 10. Nd4 Bxb1 11. Rxb1 Nxa2 12. Be3 Nb4 13. Qa4 a5 14. Rfd1 Ne4 15. Nb5 b6 16. Bf3 Nd6 17. b3 Nc2 18. Bc1 Nxb5 19. cxb5 Rc8 20. Qe4 Qd7 21. Bg5 Rfe8 22. Rbc1 f5 23. Qh4 Qxb5 24. d6 exd6 25. Bd5+ Kh8 26. Bc4 Qb4 27. Bd2 Rxc4 28. bxc4 Qa4 29. Bg5 Qb4 30. Bf6 a4 31. h3 Re2 32. Rxc2 Rxc2 33. Qd4 Bxf6 34. Qxf6+ Kg8 35. Rxd6 Qxd6 36. Qxd6 Kg7 37. Qe7+ Kg8 38. Qe8+ Kg7 39. Qxa4 Rc1+ 40. Kh2 1-0

[Event "Varginha-ch"]
[Site "Varginha"]
[Date "2007.01.15"]
[Round "5"]
[White "Santos Neto, Francisco Jose"]
[Black "Ladeira, Joao Bosco Amado"]
[Result "0-1"]
[WhiteElo "2207"]
[BlackElo "2330"]
[PlyCount "108"]
[EventDate "2007.01.13"]
[EventType "tourn"]
[EventRounds "11"]
[EventCountry "BRA"]
[SourceTitle "EXT 2022"]
[Source "ChessBase"]
[SourceDate "2021.10.06"]
[SourceVersion "1"]
[SourceVersionDate "2021.10.06"]
[SourceQuality "1"]

1. Nf3 f5 2. c4 Nf6 3. Nc3 g6 4. d3 Bg7 5. g3 0-0 6. Bg2 d6 7. 0-0 e5 8. Bg5 h6 9. Bxf6 Bxf6 10. Qd2 Kh7 11. e4 Nc6 12. Nd5 Bg7 13. b4 fxe4 14. dxe4 Bg4 15. b5 Bxf3 16. bxc6 bxc6 17. Bxf3 Rxf3 18. Kg2 Rf7 19. Nb4 Qd7 20. Na6 Raf8 21. Rab1 Qg4 22. Qe3 Rf3 23. Qxa7 Qxe4 24. Kg1 c5 25. Qb7 Qxc4 26. Nxc7 Qxa2 27. Rb2 Qf7 28. Nd5 e4 29. Qxf7 R8xf7 30. Re2 R3f5 31. Ne3 Re5 32. Rd1 Re6 33. Rd5 Bf8 34. h4 h5 35. Kg2 Kg7 36. Ra2 Rb7 37. Nc4 Rb4 38. Rc2 Kf7 39. Rd1 Ke7 40. Ne3 Rd4 41. Ra1 Kf7 42. Ra8 Bh6 43. Nc4 d5 44. Ra7+ Kf6 45. Na5 Rd2 46. Rxc5 Be3 47. Nb3 Rxf2+ 48. Kh3 Bxc5 49. Nxc5 Rc6 50. Nd7+ Kf5 51. Ra8 Rcc2 52. Rf8+ Ke6 53. Nc5+ Ke7 54. Rxf2 Rxf2 0-1

[Event "Varginha-ch"]
[Site "Varginha"]
[Date "2007.01.13"]
[Round "2"]
[White "Machado, Gilmar Dias"]
[Black "Santos Neto, Francisco Jose"]
[Result "1/2-1/2"]
[WhiteElo "2010"]
[BlackElo "2207"]
[PlyCount "121"]
[EventDate "2007.01.13"]
[EventType "tourn"]
[EventRounds "11"]
[EventCountry "BRA"]
[SourceTitle "EXT 2022"]
[Source "ChessBase"]
[SourceDate "2021.10.06"]
[SourceVersion "1"]
[SourceVersionDate "2021.10.06"]
[SourceQuality "1"]

1. e4 c5 2. Nf3 e6 3. c3 d5 4. e5 Nc6 5. d4 Qb6 6. Bd3 cxd4 7. cxd4 Nb4 8. Be2 Bd7 9. Nc3 Nc6 10. 0-0 a6 11. Na4 Qa7 12. Be3 b5 13. Nc5 Bxc5 14. dxc5 Qc7 15. Bd4 Nge7 16. b3 h6 17. Bb2 Ng6 18. Re1 Nf4 19. Bf1 g5 20. Rc1 g4 21. Nd4 Rg8 22. Nxc6 Bxc6 23. Bd4 0-0-0 24. Qd2 Ng6 25. a4 Nh4 26. axb5 axb5 27. Ra1 Kd7 28. Ra5 Ra8 29. Rea1 Qb7 30. Qxh6 Rxa5 31. Rxa5 Nf5 32. Qf4 Ra8 33. Bc3 Rxa5 34. Bxa5 Qa7 35. b4 Qb8 36. Bd3 Ne7 37. Qxf7 Qh8 38. Bg6 Qg8 39. Qxg8 Nxg8 40. Kf1 d4 41. h4 gxh3 42. gxh3 Bf3 43. Ke1 Ne7 44. Bd3 Kc6 45. Be2 Bg2 46. Bg4 Ng6 47. Bxe6 Nxe5 48. f4 Ng6 49. Kf2 Nxf4 50. Bf7 Bxh3 51. Be8+ Bd7 52. Bxd7+ Kxd7 53. Kf3 d3 54. Ke3 Kc6 55. Bd8 Nd5+ 56. Kxd3 Nxb4+ 57. Kd4 Nc2+ 58. Kc3 Ne3 59. Kd4 Nf5+ 60. Ke5 Kxc5 61. Kxf5 1/2-1/2

[Event "Mineiro-ch"]
[Site "Varginha"]
[Date "2006.01.??"]
[Round "6"]
[White "Da Silva, Carlos Alessandro A"]
[Black "Santos Neto, Francisco Jose"]
[Result "1/2-1/2"]
[WhiteElo "2257"]
[BlackElo "2192"]
[PlyCount "124"]
[EventDate "2006.01.13"]
[EventType "tourn"]
[EventRounds "11"]
[EventCountry "BRA"]
[SourceTitle "EXT 2022"]
[Source "ChessBase"]
[SourceDate "2021.10.06"]
[SourceVersion "1"]
[SourceVersionDate "2021.10.06"]
[SourceQuality "1"]

1. c4 c5 2. g3 Nc6 3. Nc3 g6 4. Bg2 Bg7 5. Nf3 e6 6. a3 Nge7 7. Rb1 a5 8. d3 0-0 9. Bg5 d5 10. cxd5 exd5 11. Qc1 b6 12. Bh6 Bxh6 13. Qxh6 Nf5 14. Qf4 Be6 15. 0-0 Rc8 16. Rfd1 Ncd4 17. e3 Nxf3+ 18. Qxf3 d4 19. Ne4 dxe3 20. fxe3 Kg7 21. Rd2 Qe7 22. Qf4 f6 23. Re1 Rcd8 24. Nc3 Qd7 25. d4 cxd4 26. exd4 Bc4 27. d5 b5 28. a4 Rfe8 29. Rc1 Re5 30. axb5 Nd6 31. Ne4 Nxe4 32. Bxe4 Bxb5 33. d6 Qe6 34. Rc7+ Rd7 35. Rxd7+ Bxd7 36. Bf3 Rf5 37. Qe4 Rxf3 38. Qxe6 Bxe6 39. d7 Bh3 40. Rd1 Bxd7 41. Rxd7+ Kh6 42. Ra7 Rb3 43. Rxa5 Rxb2 44. h4 f5 45. Ra7 Rc2 46. Rb7 Rc8 47. Kf2 Rh8 48. Kf3 Kh5 49. Ra7 h6 50. Rb7 Ra8 51. Rh7 Ra4 52. Rh8 Ra3+ 53. Kf4 Ra5 54. Rh7 Ra8 55. Kf3 Rf8 56. Kf4 Rc8 57. Kf3 Rc4 58. Rh8 Rg4 59. Rh7 Ra4 60. Rh8 Ra3+ 61. Kf4 Ra1 62. Kf3 Ra4 1/2-1/2

[Event "Mineiro-ch"]
[Site "Varginha"]
[Date "2006.01.??"]
[Round "9"]
[White "Ferreira, Nelson Castelo Bran"]
[Black "Santos Neto, Francisco Jose"]
[Result "0-1"]
[WhiteElo "2150"]
[BlackElo "2192"]
[PlyCount "26"]
[EventDate "2006.01.13"]
[EventType "tourn"]
[EventRounds "11"]
[EventCountry "BRA"]
[SourceTitle "EXT 2022"]
[Source "ChessBase"]
[SourceDate "2021.10.06"]
[SourceVersion "1"]
[SourceVersionDate "2021.10.06"]
[SourceQuality "1"]

1. e4 c5 2. Nf3 e6 3. d4 cxd4 4. Nxd4 Nf6 5. Nc3 Bb4 6. Bd3 a6 7. 0-0 Qc7 8. Bd2 Bd6 9. Nf3 Nc6 10. a3 Ng4 11. h3 h5 12. Qe2 Bc5 13. Rae1 Nd4 0-1

[Event "Mineiro-ch"]
[Site "Varginha"]
[Date "2006.01.??"]
[Round "5"]
[White "Santos Neto, Francisco Jose"]
[Black "Gomes, Luiz Alexandre"]
[Result "0-1"]
[WhiteElo "2192"]
[BlackElo "2278"]
[PlyCount "58"]
[EventDate "2006.01.13"]
[EventType "tourn"]
[EventRounds "11"]
[EventCountry "BRA"]
[SourceTitle "EXT 2022"]
[Source "ChessBase"]
[SourceDate "2021.10.06"]
[SourceVersion "1"]
[SourceVersionDate "2021.10.06"]
[SourceQuality "1"]

1. Nf3 c5 2. c4 Nf6 3. Nc3 g6 4. g3 Bg7 5. Bg2 0-0 6. 0-0 d6 7. d4 Nc6 8. d5 Na5 9. Nd2 a6 10. a3 Qc7 11. e4 Bg4 12. f3 Bd7 13. Qe2 b5 14. cxb5 axb5 15. Nxb5 Bxb5 16. Qxb5 c4 17. Ra2 Nd7 18. Qa4 Nc5 19. Qc2 Nd3 20. b4 cxb3 21. Qxc7 bxa2 22. Qc2 Bd4+ 23. Kh1 Nf2+ 24. Rxf2 a1Q 25. Rf1 Rfc8 26. Qd1 Rc5 27. Bh3 Ra7 28. Nb1 Qxb1 29. Qxd4 Rxc1 0-1